Discrete mathematics by example / (Record no. 39616)

MARC details
000 -LEADER
fixed length control field 01612nam a22003017a 4500
005 - DATE AND TIME OF LATEST TRANSACTION
control field 20100806105432.0
010 ## - LCCN (DPL NO)
LC control number ENG-98515 B-424633-636
020 ## - INTERNATIONAL STANDARD BOOK NUMBER
International Standard Book Number 9780071067140
Terms of availability 325.00
020 ## - INTERNATIONAL STANDARD BOOK NUMBER
International Standard Book Number 0071067140
Terms of availability 325.00
035 ## - SYSTEM CONTROL NUMBER
System control number EN-82048 B-424633-636
037 ## - SOURCE OF ACQUISITION
Source of stock number/acquisition DBAD/PUB
037 ## - SOURCE OF ACQUISITION
Source of stock number/acquisition Blueberry/Ven
082 ## - DEWEY DECIMAL CLASSIFICATION NUMBER
Classification number 510
100 ## - MAIN ENTRY--PERSONAL NAME
Personal name Simpson, Andrew
245 ## - TITLE STATEMENT
Title Discrete mathematics by example /
Statement of responsibility, etc by Andrew Simpson
260 ## - PUBLICATION, DISTRIBUTION, ETC. (IMPRINT)
Place of publication, distribution, etc New Delhi
Name of publisher, distributor, etc Tata McGraw-Hill
Date of publication, distribution, etc 2010
270 ## - ADDRESS
Address 7 West Patel Nagar
City New Delhi
Postal code 110008
300 ## - PHYSICAL DESCRIPTION
Extent ix,449p.
Dimensions 23cm (pbk)
500 ## - GENERAL NOTE
General note Includes bibliographical references and index
650 ## - SUBJECT ADDED ENTRY--TOPICAL TERM
Topical term or geographic name as entry element Mathematics
942 ## - ADDED ENTRY ELEMENTS (KOHA)
Source of classification or shelving scheme Dewey Decimal Classification
Item type English Books
Call number suffix SIM
Classification part 510
Holdings
Withdrawn status Lost status Not for loan Collection code Home library Current library Date acquired Source of acquisition Cost, normal purchase price Full call number Barcode Copy number Cost, replacement price Koha item type
      Non-fiction Central Library Central Library 13/06/2011 Blueberry/6310/11.3.11/73/4.3.11/23.3.11 325.00 510 SIM B-424633 1 325.00 English Books
    Not For Loan Non-fiction D.B.Act.Division D.B.Act.Division 06/08/2010 DBAD / PUB 325.00 510 SIM EN-82048 1 325.00 English Books
      Non-fiction Patel Nagar Patel Nagar 13/06/2011 Blueberry/6310/11.3.11/73/4.3.11/23.3.11 325.00 510 SIM B-424634 1 325.00 English Books
      Non-fiction Sarojini Nagar Sarojini Nagar 13/06/2011 Blueberry/6310/11.3.11/73/4.3.11/23.3.11 325.00 510 SIM B-424635 1 325.00 English Books
      Non-fiction Shahdara Branch Shahdara Branch 13/06/2011 Blueberry/6310/11.3.11/73/4.3.11/23.3.11 325.00 510 SIM B-424636 1 325.00 English Books

© Delhi Public Library
Hit Counter
free hit counter